000 00294nam a22001337a 4500
008 170818b xxu||||| |||| 00| 0 eng d
020 _a9780030953569
041 _aeng
080 _a51
100 _a37
101 _aMAT
245 _aALGEBRA ONE INTERACTIONS
_cKENNEDY,P.A
942 _2udc
_cBK
999 _c24096
_d24096